00904nam a2200205 i 4500001000700000003000900007005001700016007000300033008004100036100004600077245009600123260007600219300002100295490007900316650004500395830008700440852002600527999001900553952012600572189491ES-MaACL20250902233322.0t|190605s1941 sp r ||||1| spa d0 aGarcía Nájera, José María.95501910aTeoría matemática de la corrección de torrentes / cpor José Mª García Nájera. aMadrid : bInstituto Forestal de Investigaciones y Experiencias,c1941. a41 p. ; c23 cm.1 aInstituto Forestal de Investigaciones y Experiencias ; vAño XII, nº 20 7aIngeniería hidráulica2embne91362870 aInstituto Forestal de Investigaciones y Experiencias ; vAño XII, nº 209181435 aES-MaACLjP-569-Bis-9 c189491d189491 00104070aATENEOMbATENEOMcDEPO2d2019-06-05eSCl0oP-569-Bis-9p1200783r2023-02-23 00:00:00w2023-02-23yMONOGRAFIA